00569 2200193 4500001002100000005001500021035002000036007000300056008004100059020001800100082001000118084001600128100003400144245004300178250001100221260002400232300004700256600007200303INLIS00000000000008820240425095956 a0010-0424000065ta240425 0  a9789792958386 a616.4 a616.4 YUD t0 aYuda Handaya, Dr, dr, SpB.KBD1 aTepat & Jitu Atasi Uukus Kaki diabetes aKesatu aYogyakarta :ba2016 a88 :btidak berwarna ;c14 X 21etidak ada 4aPendidikan, Kesehatan, Kedokteran, Keperawatan, Kebidanan, Diabetes